<?xml version="1.0" encoding="UTF-8"?>
<record
    xmlns:xsi="http://www.w3.org/2001/XMLSchema-instance"
    xsi:schemaLocation="http://www.loc.gov/MARC21/slim http://www.loc.gov/standards/marcxml/schema/MARC21slim.xsd"
    xmlns="http://www.loc.gov/MARC21/slim">

  <leader>00534nam a22002057a 4500</leader>
  <controlfield tag="003">SEACOMEC</controlfield>
  <controlfield tag="005">20250321135040.0</controlfield>
  <controlfield tag="008">240312b        |||||||| |||| 00| 0 eng d</controlfield>
  <datafield tag="020" ind1=" " ind2=" ">
    <subfield code="a"> 9788183710787</subfield>
    <subfield code="c">Rs.350.00</subfield>
  </datafield>
  <datafield tag="040" ind1=" " ind2=" ">
    <subfield code="a">SEACOMEC</subfield>
  </datafield>
  <datafield tag="041" ind1=" " ind2=" ">
    <subfield code="a">English</subfield>
  </datafield>
  <datafield tag="082" ind1=" " ind2=" ">
    <subfield code="a">620.3192</subfield>
    <subfield code="b">R172</subfield>
  </datafield>
  <datafield tag="100" ind1=" " ind2=" ">
    <subfield code="a"> Babu, P. Ramesh</subfield>
  </datafield>
  <datafield tag="245" ind1=" " ind2=" ">
    <subfield code="a">Electric Circuit Analysis/ </subfield>
    <subfield code="c">P. Ramesh  Babu</subfield>
  </datafield>
  <datafield tag="250" ind1=" " ind2=" ">
    <subfield code="a">2nd ed</subfield>
  </datafield>
  <datafield tag="260" ind1=" " ind2=" ">
    <subfield code="a">Chennai</subfield>
    <subfield code="b">Scitech Publications </subfield>
    <subfield code="c">2006</subfield>
  </datafield>
  <datafield tag="300" ind1=" " ind2=" ">
    <subfield code="a">872p</subfield>
  </datafield>
  <datafield tag="650" ind1=" " ind2=" ">
    <subfield code="a">Applied physics</subfield>
    <subfield code="v">Transmission</subfield>
  </datafield>
  <datafield tag="942" ind1=" " ind2=" ">
    <subfield code="c">BOOK</subfield>
  </datafield>
  <datafield tag="952" ind1=" " ind2=" ">
    <subfield code="0">0</subfield>
    <subfield code="1">0</subfield>
    <subfield code="2">ddc</subfield>
    <subfield code="4">0</subfield>
    <subfield code="7">0</subfield>
    <subfield code="a">SEACOMEC</subfield>
    <subfield code="b">SEACOMEC</subfield>
    <subfield code="d">2024-03-12</subfield>
    <subfield code="l">0</subfield>
    <subfield code="o">620.3192 R172</subfield>
    <subfield code="p">3942</subfield>
    <subfield code="r">2024-03-12 16:11:26</subfield>
    <subfield code="w">2024-03-12</subfield>
    <subfield code="y">BOOK</subfield>
  </datafield>
  <datafield tag="952" ind1=" " ind2=" ">
    <subfield code="0">0</subfield>
    <subfield code="1">0</subfield>
    <subfield code="2">ddc</subfield>
    <subfield code="4">0</subfield>
    <subfield code="7">0</subfield>
    <subfield code="a">SEACOMEC</subfield>
    <subfield code="b">SEACOMEC</subfield>
    <subfield code="d">2009-09-11</subfield>
    <subfield code="l">0</subfield>
    <subfield code="o">620.3192 R172</subfield>
    <subfield code="p">14663</subfield>
    <subfield code="r">2025-03-21 13:44:01</subfield>
    <subfield code="t">1</subfield>
    <subfield code="w">2025-03-21</subfield>
    <subfield code="y">BOOK</subfield>
  </datafield>
  <datafield tag="952" ind1=" " ind2=" ">
    <subfield code="0">0</subfield>
    <subfield code="1">0</subfield>
    <subfield code="2">ddc</subfield>
    <subfield code="4">0</subfield>
    <subfield code="7">0</subfield>
    <subfield code="a">SEACOMEC</subfield>
    <subfield code="b">SEACOMEC</subfield>
    <subfield code="d">2009-09-11</subfield>
    <subfield code="l">0</subfield>
    <subfield code="o">620.3192 R172</subfield>
    <subfield code="p">14664</subfield>
    <subfield code="r">2025-03-21 13:44:01</subfield>
    <subfield code="t">2</subfield>
    <subfield code="w">2025-03-21</subfield>
    <subfield code="y">BOOK</subfield>
  </datafield>
  <datafield tag="952" ind1=" " ind2=" ">
    <subfield code="0">0</subfield>
    <subfield code="1">0</subfield>
    <subfield code="2">ddc</subfield>
    <subfield code="4">0</subfield>
    <subfield code="7">0</subfield>
    <subfield code="a">SEACOMEC</subfield>
    <subfield code="b">SEACOMEC</subfield>
    <subfield code="d">2009-09-11</subfield>
    <subfield code="l">0</subfield>
    <subfield code="o">620.3192 R172</subfield>
    <subfield code="p">14665</subfield>
    <subfield code="r">2025-03-21 13:44:01</subfield>
    <subfield code="t">3</subfield>
    <subfield code="w">2025-03-21</subfield>
    <subfield code="y">BOOK</subfield>
  </datafield>
  <datafield tag="952" ind1=" " ind2=" ">
    <subfield code="0">0</subfield>
    <subfield code="1">0</subfield>
    <subfield code="2">ddc</subfield>
    <subfield code="4">0</subfield>
    <subfield code="7">0</subfield>
    <subfield code="a">SEACOMEC</subfield>
    <subfield code="b">SEACOMEC</subfield>
    <subfield code="d">2009-09-11</subfield>
    <subfield code="l">0</subfield>
    <subfield code="o">620.3192 R172</subfield>
    <subfield code="p">14666</subfield>
    <subfield code="r">2025-03-21 13:44:01</subfield>
    <subfield code="t">4</subfield>
    <subfield code="w">2025-03-21</subfield>
    <subfield code="y">BOOK</subfield>
  </datafield>
  <datafield tag="952" ind1=" " ind2=" ">
    <subfield code="0">0</subfield>
    <subfield code="1">0</subfield>
    <subfield code="2">ddc</subfield>
    <subfield code="4">0</subfield>
    <subfield code="7">0</subfield>
    <subfield code="a">SEACOMEC</subfield>
    <subfield code="b">SEACOMEC</subfield>
    <subfield code="d">2009-09-11</subfield>
    <subfield code="l">0</subfield>
    <subfield code="o">620.3192 R172</subfield>
    <subfield code="p">14667</subfield>
    <subfield code="r">2025-03-21 13:44:01</subfield>
    <subfield code="t">5</subfield>
    <subfield code="w">2025-03-21</subfield>
    <subfield code="y">BOOK</subfield>
  </datafield>
  <datafield tag="952" ind1=" " ind2=" ">
    <subfield code="0">0</subfield>
    <subfield code="1">0</subfield>
    <subfield code="2">ddc</subfield>
    <subfield code="4">0</subfield>
    <subfield code="7">0</subfield>
    <subfield code="a">SEACOMEC</subfield>
    <subfield code="b">SEACOMEC</subfield>
    <subfield code="d">2009-09-11</subfield>
    <subfield code="l">0</subfield>
    <subfield code="o">620.3192 R172</subfield>
    <subfield code="p">14668</subfield>
    <subfield code="r">2025-03-21 13:44:01</subfield>
    <subfield code="t">6</subfield>
    <subfield code="w">2025-03-21</subfield>
    <subfield code="y">BOOK</subfield>
  </datafield>
  <datafield tag="952" ind1=" " ind2=" ">
    <subfield code="0">0</subfield>
    <subfield code="1">0</subfield>
    <subfield code="2">ddc</subfield>
    <subfield code="4">0</subfield>
    <subfield code="7">0</subfield>
    <subfield code="a">SEACOMEC</subfield>
    <subfield code="b">SEACOMEC</subfield>
    <subfield code="d">2009-09-11</subfield>
    <subfield code="l">0</subfield>
    <subfield code="o">620.3192 R172</subfield>
    <subfield code="p">14669</subfield>
    <subfield code="r">2025-03-21 13:44:01</subfield>
    <subfield code="t">7</subfield>
    <subfield code="w">2025-03-21</subfield>
    <subfield code="y">BOOK</subfield>
  </datafield>
  <datafield tag="952" ind1=" " ind2=" ">
    <subfield code="0">0</subfield>
    <subfield code="1">0</subfield>
    <subfield code="2">ddc</subfield>
    <subfield code="4">0</subfield>
    <subfield code="7">0</subfield>
    <subfield code="a">SEACOMEC</subfield>
    <subfield code="b">SEACOMEC</subfield>
    <subfield code="d">2009-09-11</subfield>
    <subfield code="l">0</subfield>
    <subfield code="o">620.3192 R172</subfield>
    <subfield code="p">14670</subfield>
    <subfield code="r">2025-03-21 13:44:01</subfield>
    <subfield code="t">8</subfield>
    <subfield code="w">2025-03-21</subfield>
    <subfield code="y">BOOK</subfield>
  </datafield>
  <datafield tag="952" ind1=" " ind2=" ">
    <subfield code="0">0</subfield>
    <subfield code="1">0</subfield>
    <subfield code="2">ddc</subfield>
    <subfield code="4">0</subfield>
    <subfield code="7">0</subfield>
    <subfield code="a">SEACOMEC</subfield>
    <subfield code="b">SEACOMEC</subfield>
    <subfield code="d">2009-09-11</subfield>
    <subfield code="l">0</subfield>
    <subfield code="o">620.3192 R172</subfield>
    <subfield code="p">14671</subfield>
    <subfield code="r">2025-03-21 13:44:01</subfield>
    <subfield code="t">9</subfield>
    <subfield code="w">2025-03-21</subfield>
    <subfield code="y">BOOK</subfield>
  </datafield>
  <datafield tag="952" ind1=" " ind2=" ">
    <subfield code="0">0</subfield>
    <subfield code="1">0</subfield>
    <subfield code="2">ddc</subfield>
    <subfield code="4">0</subfield>
    <subfield code="7">0</subfield>
    <subfield code="a">SEACOMEC</subfield>
    <subfield code="b">SEACOMEC</subfield>
    <subfield code="d">2009-09-11</subfield>
    <subfield code="l">0</subfield>
    <subfield code="o">620.3192 R172</subfield>
    <subfield code="p">14672</subfield>
    <subfield code="r">2025-03-21 13:44:01</subfield>
    <subfield code="t">10</subfield>
    <subfield code="w">2025-03-21</subfield>
    <subfield code="y">BOOK</subfield>
  </datafield>
  <datafield tag="952" ind1=" " ind2=" ">
    <subfield code="0">0</subfield>
    <subfield code="1">0</subfield>
    <subfield code="2">ddc</subfield>
    <subfield code="4">0</subfield>
    <subfield code="7">0</subfield>
    <subfield code="a">SEACOMEC</subfield>
    <subfield code="b">SEACOMEC</subfield>
    <subfield code="d">2009-09-11</subfield>
    <subfield code="l">0</subfield>
    <subfield code="o">620.3192 R172</subfield>
    <subfield code="p">14673</subfield>
    <subfield code="r">2025-03-21 13:44:01</subfield>
    <subfield code="t">11</subfield>
    <subfield code="w">2025-03-21</subfield>
    <subfield code="y">BOOK</subfield>
  </datafield>
  <datafield tag="952" ind1=" " ind2=" ">
    <subfield code="0">0</subfield>
    <subfield code="1">0</subfield>
    <subfield code="2">ddc</subfield>
    <subfield code="4">0</subfield>
    <subfield code="7">0</subfield>
    <subfield code="a">SEACOMEC</subfield>
    <subfield code="b">SEACOMEC</subfield>
    <subfield code="d">2009-09-11</subfield>
    <subfield code="l">0</subfield>
    <subfield code="o">620.3192 R172</subfield>
    <subfield code="p">14674</subfield>
    <subfield code="r">2025-03-21 13:44:01</subfield>
    <subfield code="t">12</subfield>
    <subfield code="w">2025-03-21</subfield>
    <subfield code="y">BOOK</subfield>
  </datafield>
  <datafield tag="952" ind1=" " ind2=" ">
    <subfield code="0">0</subfield>
    <subfield code="1">0</subfield>
    <subfield code="2">ddc</subfield>
    <subfield code="4">0</subfield>
    <subfield code="7">0</subfield>
    <subfield code="a">SEACOMEC</subfield>
    <subfield code="b">SEACOMEC</subfield>
    <subfield code="d">2009-09-11</subfield>
    <subfield code="l">0</subfield>
    <subfield code="o">620.3192 R172</subfield>
    <subfield code="p">14675</subfield>
    <subfield code="r">2025-03-21 13:44:01</subfield>
    <subfield code="t">13</subfield>
    <subfield code="w">2025-03-21</subfield>
    <subfield code="y">BOOK</subfield>
  </datafield>
  <datafield tag="952" ind1=" " ind2=" ">
    <subfield code="0">0</subfield>
    <subfield code="1">0</subfield>
    <subfield code="2">ddc</subfield>
    <subfield code="4">0</subfield>
    <subfield code="7">0</subfield>
    <subfield code="a">SEACOMEC</subfield>
    <subfield code="b">SEACOMEC</subfield>
    <subfield code="d">2009-09-11</subfield>
    <subfield code="l">0</subfield>
    <subfield code="o">620.3192 R172</subfield>
    <subfield code="p">14676</subfield>
    <subfield code="r">2025-03-21 13:44:01</subfield>
    <subfield code="t">14</subfield>
    <subfield code="w">2025-03-21</subfield>
    <subfield code="y">BOOK</subfield>
  </datafield>
  <datafield tag="952" ind1=" " ind2=" ">
    <subfield code="0">0</subfield>
    <subfield code="1">0</subfield>
    <subfield code="2">ddc</subfield>
    <subfield code="4">0</subfield>
    <subfield code="7">0</subfield>
    <subfield code="a">SEACOMEC</subfield>
    <subfield code="b">SEACOMEC</subfield>
    <subfield code="d">2009-09-11</subfield>
    <subfield code="l">0</subfield>
    <subfield code="o">620.3192 R172</subfield>
    <subfield code="p">14677</subfield>
    <subfield code="r">2025-03-21 13:44:01</subfield>
    <subfield code="t">15</subfield>
    <subfield code="w">2025-03-21</subfield>
    <subfield code="y">BOOK</subfield>
  </datafield>
  <datafield tag="952" ind1=" " ind2=" ">
    <subfield code="0">0</subfield>
    <subfield code="1">0</subfield>
    <subfield code="2">ddc</subfield>
    <subfield code="4">0</subfield>
    <subfield code="7">0</subfield>
    <subfield code="a">SEACOMEC</subfield>
    <subfield code="b">SEACOMEC</subfield>
    <subfield code="d">2009-09-11</subfield>
    <subfield code="l">0</subfield>
    <subfield code="o">620.3192 R172</subfield>
    <subfield code="p">14678</subfield>
    <subfield code="r">2025-03-21 13:53:28</subfield>
    <subfield code="t">16</subfield>
    <subfield code="w">2025-03-21</subfield>
    <subfield code="y">BOOK</subfield>
  </datafield>
  <datafield tag="952" ind1=" " ind2=" ">
    <subfield code="0">0</subfield>
    <subfield code="1">0</subfield>
    <subfield code="2">ddc</subfield>
    <subfield code="4">0</subfield>
    <subfield code="7">0</subfield>
    <subfield code="a">SEACOMEC</subfield>
    <subfield code="b">SEACOMEC</subfield>
    <subfield code="d">2009-09-11</subfield>
    <subfield code="l">0</subfield>
    <subfield code="o">620.3192 R172</subfield>
    <subfield code="p">14679</subfield>
    <subfield code="r">2025-03-21 13:53:28</subfield>
    <subfield code="t">17</subfield>
    <subfield code="w">2025-03-21</subfield>
    <subfield code="y">BOOK</subfield>
  </datafield>
  <datafield tag="952" ind1=" " ind2=" ">
    <subfield code="0">0</subfield>
    <subfield code="1">0</subfield>
    <subfield code="2">ddc</subfield>
    <subfield code="4">0</subfield>
    <subfield code="7">0</subfield>
    <subfield code="a">SEACOMEC</subfield>
    <subfield code="b">SEACOMEC</subfield>
    <subfield code="d">2009-09-11</subfield>
    <subfield code="l">0</subfield>
    <subfield code="o">620.3192 R172</subfield>
    <subfield code="p">14680</subfield>
    <subfield code="r">2025-03-21 13:53:28</subfield>
    <subfield code="t">18</subfield>
    <subfield code="w">2025-03-21</subfield>
    <subfield code="y">BOOK</subfield>
  </datafield>
  <datafield tag="952" ind1=" " ind2=" ">
    <subfield code="0">0</subfield>
    <subfield code="1">0</subfield>
    <subfield code="2">ddc</subfield>
    <subfield code="4">0</subfield>
    <subfield code="7">0</subfield>
    <subfield code="a">SEACOMEC</subfield>
    <subfield code="b">SEACOMEC</subfield>
    <subfield code="d">2009-09-11</subfield>
    <subfield code="l">0</subfield>
    <subfield code="o">620.3192 R172</subfield>
    <subfield code="p">14681</subfield>
    <subfield code="r">2025-03-21 13:53:28</subfield>
    <subfield code="t">19</subfield>
    <subfield code="w">2025-03-21</subfield>
    <subfield code="y">BOOK</subfield>
  </datafield>
  <datafield tag="952" ind1=" " ind2=" ">
    <subfield code="0">0</subfield>
    <subfield code="1">0</subfield>
    <subfield code="2">ddc</subfield>
    <subfield code="4">0</subfield>
    <subfield code="7">0</subfield>
    <subfield code="a">SEACOMEC</subfield>
    <subfield code="b">SEACOMEC</subfield>
    <subfield code="d">2009-09-11</subfield>
    <subfield code="l">0</subfield>
    <subfield code="o">620.3192 R172</subfield>
    <subfield code="p">14682</subfield>
    <subfield code="r">2025-03-21 13:53:28</subfield>
    <subfield code="t">20</subfield>
    <subfield code="w">2025-03-21</subfield>
    <subfield code="y">BOOK</subfield>
  </datafield>
  <datafield tag="952" ind1=" " ind2=" ">
    <subfield code="0">0</subfield>
    <subfield code="1">0</subfield>
    <subfield code="2">ddc</subfield>
    <subfield code="4">0</subfield>
    <subfield code="7">0</subfield>
    <subfield code="a">SEACOMEC</subfield>
    <subfield code="b">SEACOMEC</subfield>
    <subfield code="d">2010-10-05</subfield>
    <subfield code="l">0</subfield>
    <subfield code="o">620.3192 R172</subfield>
    <subfield code="p">17267</subfield>
    <subfield code="r">2025-03-21 13:54:15</subfield>
    <subfield code="t">21</subfield>
    <subfield code="w">2025-03-21</subfield>
    <subfield code="y">BOOK</subfield>
  </datafield>
  <datafield tag="952" ind1=" " ind2=" ">
    <subfield code="0">0</subfield>
    <subfield code="1">0</subfield>
    <subfield code="2">ddc</subfield>
    <subfield code="4">0</subfield>
    <subfield code="7">0</subfield>
    <subfield code="a">SEACOMEC</subfield>
    <subfield code="b">SEACOMEC</subfield>
    <subfield code="d">2010-10-05</subfield>
    <subfield code="l">0</subfield>
    <subfield code="o">620.3192 R172</subfield>
    <subfield code="p">17268</subfield>
    <subfield code="r">2025-03-21 13:54:15</subfield>
    <subfield code="t">22</subfield>
    <subfield code="w">2025-03-21</subfield>
    <subfield code="y">BOOK</subfield>
  </datafield>
  <datafield tag="952" ind1=" " ind2=" ">
    <subfield code="0">0</subfield>
    <subfield code="1">0</subfield>
    <subfield code="2">ddc</subfield>
    <subfield code="4">0</subfield>
    <subfield code="7">0</subfield>
    <subfield code="a">SEACOMEC</subfield>
    <subfield code="b">SEACOMEC</subfield>
    <subfield code="d">2010-10-05</subfield>
    <subfield code="l">0</subfield>
    <subfield code="o">620.3192 R172</subfield>
    <subfield code="p">17269</subfield>
    <subfield code="r">2025-03-21 13:54:15</subfield>
    <subfield code="t">23</subfield>
    <subfield code="w">2025-03-21</subfield>
    <subfield code="y">BOOK</subfield>
  </datafield>
  <datafield tag="952" ind1=" " ind2=" ">
    <subfield code="0">0</subfield>
    <subfield code="1">0</subfield>
    <subfield code="2">ddc</subfield>
    <subfield code="4">0</subfield>
    <subfield code="7">0</subfield>
    <subfield code="a">SEACOMEC</subfield>
    <subfield code="b">SEACOMEC</subfield>
    <subfield code="d">2010-10-05</subfield>
    <subfield code="l">0</subfield>
    <subfield code="o">620.3192 R172</subfield>
    <subfield code="p">17270</subfield>
    <subfield code="r">2025-03-21 13:54:15</subfield>
    <subfield code="t">24</subfield>
    <subfield code="w">2025-03-21</subfield>
    <subfield code="y">BOOK</subfield>
  </datafield>
  <datafield tag="952" ind1=" " ind2=" ">
    <subfield code="0">0</subfield>
    <subfield code="1">0</subfield>
    <subfield code="2">ddc</subfield>
    <subfield code="4">0</subfield>
    <subfield code="7">0</subfield>
    <subfield code="a">SEACOMEC</subfield>
    <subfield code="b">SEACOMEC</subfield>
    <subfield code="d">2010-10-05</subfield>
    <subfield code="l">0</subfield>
    <subfield code="o">620.3192 R172</subfield>
    <subfield code="p">17271</subfield>
    <subfield code="r">2025-03-21 13:54:15</subfield>
    <subfield code="t">25</subfield>
    <subfield code="w">2025-03-21</subfield>
    <subfield code="y">BOOK</subfield>
  </datafield>
  <datafield tag="952" ind1=" " ind2=" ">
    <subfield code="0">0</subfield>
    <subfield code="1">0</subfield>
    <subfield code="2">ddc</subfield>
    <subfield code="4">0</subfield>
    <subfield code="7">0</subfield>
    <subfield code="a">SEACOMEC</subfield>
    <subfield code="b">SEACOMEC</subfield>
    <subfield code="d">2010-10-05</subfield>
    <subfield code="l">0</subfield>
    <subfield code="o">620.3192 R172</subfield>
    <subfield code="p">17272</subfield>
    <subfield code="r">2025-03-21 13:54:15</subfield>
    <subfield code="t">26</subfield>
    <subfield code="w">2025-03-21</subfield>
    <subfield code="y">BOOK</subfield>
  </datafield>
  <datafield tag="952" ind1=" " ind2=" ">
    <subfield code="0">0</subfield>
    <subfield code="1">0</subfield>
    <subfield code="2">ddc</subfield>
    <subfield code="4">0</subfield>
    <subfield code="7">0</subfield>
    <subfield code="a">SEACOMEC</subfield>
    <subfield code="b">SEACOMEC</subfield>
    <subfield code="d">2010-10-05</subfield>
    <subfield code="l">0</subfield>
    <subfield code="o">620.3192 R172</subfield>
    <subfield code="p">17273</subfield>
    <subfield code="r">2025-03-21 13:54:15</subfield>
    <subfield code="t">27</subfield>
    <subfield code="w">2025-03-21</subfield>
    <subfield code="y">BOOK</subfield>
  </datafield>
  <datafield tag="952" ind1=" " ind2=" ">
    <subfield code="0">0</subfield>
    <subfield code="1">0</subfield>
    <subfield code="2">ddc</subfield>
    <subfield code="4">0</subfield>
    <subfield code="7">0</subfield>
    <subfield code="a">SEACOMEC</subfield>
    <subfield code="b">SEACOMEC</subfield>
    <subfield code="d">2010-10-05</subfield>
    <subfield code="l">0</subfield>
    <subfield code="o">620.3192 R172</subfield>
    <subfield code="p">17274</subfield>
    <subfield code="r">2025-03-21 13:54:15</subfield>
    <subfield code="t">28</subfield>
    <subfield code="w">2025-03-21</subfield>
    <subfield code="y">BOOK</subfield>
  </datafield>
  <datafield tag="952" ind1=" " ind2=" ">
    <subfield code="0">0</subfield>
    <subfield code="1">0</subfield>
    <subfield code="2">ddc</subfield>
    <subfield code="4">0</subfield>
    <subfield code="7">0</subfield>
    <subfield code="a">SEACOMEC</subfield>
    <subfield code="b">SEACOMEC</subfield>
    <subfield code="d">2010-10-05</subfield>
    <subfield code="l">0</subfield>
    <subfield code="o">620.3192 R172</subfield>
    <subfield code="p">17275</subfield>
    <subfield code="r">2025-03-21 13:54:15</subfield>
    <subfield code="t">29</subfield>
    <subfield code="w">2025-03-21</subfield>
    <subfield code="y">BOOK</subfield>
  </datafield>
  <datafield tag="952" ind1=" " ind2=" ">
    <subfield code="0">0</subfield>
    <subfield code="1">0</subfield>
    <subfield code="2">ddc</subfield>
    <subfield code="4">0</subfield>
    <subfield code="7">0</subfield>
    <subfield code="a">SEACOMEC</subfield>
    <subfield code="b">SEACOMEC</subfield>
    <subfield code="d">2010-10-05</subfield>
    <subfield code="l">0</subfield>
    <subfield code="o">620.3192 R172</subfield>
    <subfield code="p">17276</subfield>
    <subfield code="r">2025-03-21 13:54:15</subfield>
    <subfield code="t">30</subfield>
    <subfield code="w">2025-03-21</subfield>
    <subfield code="y">BOOK</subfield>
  </datafield>
  <datafield tag="999" ind1=" " ind2=" ">
    <subfield code="c">765</subfield>
    <subfield code="d">765</subfield>
  </datafield>
</record>
